Premier League 24/25 Teams - Statistics

General Stats
  • This quiz has been taken 116 times
  • The average score is 17 of 20
Answer Stats
24/25 Season Teams % Correct
Liverpool
98%
Manchester United
98%
Arsenal
97%
Manchester City
97%
Chelsea
95%
Tottenham
90%
Everton
88%
Ipswich Town
88%
Nottingham Forest
88%
Crystal Palace
86%
West Ham
85%
Wolves
85%
Brighton
84%
Fulham
84%
Leicester City
84%
Southampton
84%
Aston Villa
82%
Newcastle United
80%
Bournemouth
78%
Brentford
78%
No matching quizzes found
Score Distribution
Percent of People with Each Score
Percentile by Number Answered
Your Score History
You have not taken this quiz